00737 2200253 4500001002100000005001500021035002000036007000300056008004100059020002200100082001400122084002000136100002300156245013000179250001000309260003300319300003600352650002300388700002400411990001200435990001200447990001200459990001200471INLIS00000000000530720200922085123 a0010-0220000025ta200922 b 1 ind  a978-979-29-6151-5 a808.838 7 a808.838 7 DER p0 aDERMAWAN, Wibisono1 aPetualangan Ajaib & Menegangkan Melintasi 3 Benua :b4 Sekawan The Travelers /cDermawan Wibisono; editor, Th. Arie Prabawati acet.1 aYogyakarta :bRainbow,c2017 aix, 187 hlm. :bilus. ;c19 cm. 4aCERITA PETUALANGAN0 aARIE, Prabawati Th. a17002 A a17002 B a17002 C a17002 D